00291nam a2200109Ia 4500008004100000100001600041245005600057250000800113260004300121300000900164650000800173191201s2010 xx 000 0 und d aSAHDEV, S.K 0aFundamental of Electrical Engineering & Electronics aRep c2010bDhanpat Rai Pub (P) LtdaN.Delhi aMISC aECE